00337nam a2200145Ia 4500003000400000005001700004008004100021040000700062041000800069082002100077100002000098245003900118260002600157365000800183OSt20230511105956.0210423s1992 xx 000 0 und d cAL aeng a362.1 223bSRIM aSRINIVASAN (S). aManagement process in health care. aNew DelhibVHAIc1992 cINR